00700nam a2200193Ia 4500008004100000020001400041082001400055100002400069245009400093250000800187260003900195300003100234500001900265600002100284650005000305942000700355952012900362999001500491240925s9999 xx 000 0 und d a127784551 a003.3 ZEI aZeigler ,Bernard P. 0aTheory of Modeling and Simulation: integrating discrete event and complex dynamic systems a2nd aAmsterdam:bAcademic Pressc,2000. axviii,325p.bN.AfOriginal aIncludes Index aComputer Science aComputer science, information & general works cBK 001040708CSaUITUbUITUd2004-12-27eKhaliq book Binderg420.15l0o003.3 ZEIpQ5982r2024-09-25 07:14:02w2024-09-25yBK c8481d8481